[Event "Titled Tue 1st Jul Early"]
[Site "chess.com INT"]
[Date "2025.07.01"]
[Round "1"]
[White "Feng, Eric"]
[Black "Hernandez Leon, Sergio"]
[Result "1-0"]
[BlackTitle "CM"]
[WhiteElo "2194"]
[BlackElo "2109"]
[WhiteFideId "30952590"]
[BlackFideId "2285622"]
[EventDate "2025.07.01"]

1. d4 f5 2. h4 e6 3. Nf3 Nf6 4. g3 c5 5. Bg2 Nc6 6. c4 cxd4 7. Nxd4 Bb4+ 8. Nc3
Qb6 9. Nxc6 bxc6 10. O-O d5 11. cxd5 cxd5 12. Bg5 O-O 13. Bxf6 Rxf6 14. Nxd5
exd5 15. Qxd5+ Be6 16. Qxa8+ Rf8 17. Qc6 Qd4 18. Qxe6+ 1-0

[Event "Titled Tue 1st Jul Early"]
[Site "chess.com INT"]
[Date "2025.07.01"]
[Round "1"]
[White "Goryachkina, Aleksandra"]
[Black "Szalay-Ocsak, Bank"]
[Result "0-1"]
[WhiteTitle "GM"]
[BlackTitle "FM"]
[WhiteElo "2533"]
[BlackElo "2209"]
[WhiteFideId "4147103"]
[BlackFideId "784923"]
[EventDate "2025.07.01"]

1. e4 c6 2. d4 d5 3. e5 Bf5 4. Nf3 e6 5. Be2 Ne7 6. Nh4 Nd7 7. O-O c5 8. c3 Bg6
9. a4 Nc6 10. Be3 Qxh4 0-1

[Event "Titled Tue 1st Jul Early"]
[Site "chess.com INT"]
[Date "2025.07.01"]
[Round "1"]
[White "Asensio Ramos, Enrique Fernando"]
[Black "Romany, Joy"]
[Result "1-0"]
[WhiteTitle "CM"]
[BlackTitle "WIM"]
[WhiteElo "2200"]
[BlackElo "1960"]
[WhiteFideId "2214172"]
[BlackFideId "10656820"]
[EventDate "2025.07.01"]

1. d4 Nf6 2. Nc3 d5 3. Bf4 c6 4. e3 g6 5. h4 h5 6. Nf3 Bg7 7. Ne5 Nbd7 8. f3
Nxe5 9. Bxe5 Bf5 10. Bd3 Bxd3 11. Qxd3 Qd7 12. O-O-O O-O-O 13. Na4 b6 14. Qa3
Bh6 15. Nxb6+ 1-0

[Event "Titled Tue 1st Jul Early"]
[Site "chess.com INT"]
[Date "2025.07.01"]
[Round "1"]
[White "Keatinge-Clay, Adrian"]
[Black "Deng, Henry"]
[Result "0-1"]
[WhiteTitle "FM"]
[BlackTitle "FM"]
[WhiteElo "2232"]
[BlackElo "2293"]
[WhiteFideId "2011867"]
[BlackFideId "30965454"]
[EventDate "2025.07.01"]

1. d4 d6 2. c4 e5 3. Nf3 Nd7 4. g3 Ngf6 5. Bg2 g6 6. O-O Bg7 7. Nc3 O-O 8. b3 a5
9. Bb2 Re8 10. e4 exd4 11. Nxd4 Nc5 12. Re1 Nfd7 13. Qd2 Ne5 14. Re2 Ned3 15.
Ba3 Bxd4 16. Bxc5 dxc5 17. Rd1 Ne5 18. Nb5 Bg4 19. Nxd4 cxd4 20. Ree1 Bxd1 21.
Rxd1 d3 22. f4 Qd4+ 23. Kh1 Ng4 0-1

[Event "Titled Tue 1st Jul Early"]
[Site "chess.com INT"]
[Date "2025.07.01"]
[Round "1"]
[White "Mendonca, Leon Luke"]
[Black "Luong Phuong Hanh"]
[Result "1-0"]
[WhiteTitle "GM"]
[BlackTitle "WIM"]
[WhiteElo "2603"]
[BlackElo "2121"]
[WhiteFideId "35028561"]
[BlackFideId "12401013"]
[EventDate "2025.07.01"]

1. b4 e5 2. Bb2 d6 3. c4 g6 4. e3 Bg7 5. Nf3 Ne7 6. d4 O-O 7. Be2 a5 8. b5 exd4
9. exd4 c6 10. a4 d5 11. O-O dxc4 12. Bxc4 Nd5 13. Nbd2 Nd7 14. bxc6 bxc6 15.
Ne4 N7b6 16. Bb3 Bg4 17. h3 Bf5 18. Re1 Re8 19. Ne5 Qh4 20. Nd6 Re7 21. Nxf5
gxf5 22. Qf3 Rae8 23. Qxf5 f6 24. Nf3 Qf4 25. Qxf4 1-0

[Event "Titled Tue 1st Jul Early"]
[Site "chess.com INT"]
[Date "2025.07.01"]
[Round "1"]
[White "Ankit Ray"]
[Black "Gruzman, Ilya"]
[Result "1-0"]
[WhiteTitle "FM"]
[BlackTitle "CM"]
[WhiteElo "2248"]
[BlackElo "2165"]
[WhiteFideId "25770624"]
[BlackFideId "2812703"]
[EventDate "2025.07.01"]

1. d4 d5 2. Bf4 c5 3. e3 Nc6 4. c3 Bf5 5. Nf3 e6 6. Nbd2 Qd7 7. Nh4 Bg6 8. Nxg6
hxg6 9. h4 Nf6 10. Be2 Bd6 11. Bg5 Ne4 12. Nxe4 dxe4 13. dxc5 Bxc5 14. Qa4 e5
15. Rd1 Qe6 16. Qb5 b6 17. Bc4 Qc8 18. Bd5 1-0

[Event "Titled Tue 1st Jul Early"]
[Site "chess.com INT"]
[Date "2025.07.01"]
[Round "1"]
[White "Pribelszky, Bence"]
[Black "Samunenkov, Ihor"]
[Result "0-1"]
[WhiteTitle "IM"]
[BlackTitle "GM"]
[WhiteElo "2401"]
[BlackElo "2555"]
[WhiteFideId "769738"]
[BlackFideId "14187086"]
[EventDate "2025.07.01"]

1. Nf3 d5 2. b3 c5 3. Bb2 f6 4. c4 d4 5. b4 e5 6. bxc5 Nc6 7. d3 Bxc5 8. g3 f5
9. Bg2 Nf6 10. O-O O-O 11. Nbd2 Re8 12. Nb3 Bf8 13. a4 a5 14. Re1 Bb4 15. Nfd2
e4 16. e3 dxe3 17. Rxe3 Ng4 18. Re2 Qxd3 19. h3 Nge5 20. Re3 Qd8 21. f3 Qb6 0-1

[Event "Titled Tue 1st Jul Early"]
[Site "chess.com INT"]
[Date "2025.07.01"]
[Round "1"]
[White "Vedant Rupeshbhai Varasada"]
[Black "Cordoba Roa, Angel Gabriel"]
[Result "0-1"]
[WhiteTitle "CM"]
[BlackTitle "FM"]
[WhiteElo "2044"]
[BlackElo "2396"]
[WhiteFideId "25156527"]
[BlackFideId "3957624"]
[EventDate "2025.07.01"]

1. e4 e5 2. Nf3 Nc6 3. Bb5 a6 4. Ba4 Nge7 5. O-O Ng6 6. c3 Bc5 7. d4 Ba7 8. Be3
O-O 9. Re1 exd4 10. cxd4 d5 11. exd5 Nce7 12. Nc3 Nxd5 13. Nxd5 Qxd5 14. Bb3 Qd6
15. d5 Bxe3 16. Rxe3 Bg4 17. h3 Bxf3 18. Qxf3 Rfe8 19. Rae1 Rxe3 20. Qxe3 h6 21.
Qc3 Rd8 22. Rc1 Rd7 23. Qc5 Qxc5 24. Rxc5 b6 25. Rc1 Nf4 26. h4 Ne2+ 0-1

[Event "Titled Tue 1st Jul Early"]
[Site "chess.com INT"]
[Date "2025.07.01"]
[Round "1"]
[White "Manukyan, Sargis V."]
[Black "Sanal, Vahap"]
[Result "0-1"]
[WhiteTitle "FM"]
[BlackTitle "GM"]
[WhiteElo "2253"]
[BlackElo "2550"]
[WhiteFideId "13303465"]
[BlackFideId "6300545"]
[EventDate "2025.07.01"]

1. d4 Nf6 2. c4 e6 3. Nc3 Bb4 4. e3 b6 5. Ne2 Ba6 6. a3 Bxc3+ 7. Nxc3 d5 8. b3
O-O 9. Bb2 Bb7 10. Rc1 Nbd7 11. cxd5 Nxd5 12. Nxd5 Bxd5 13. Qc2 c5 14. e4 Bb7
15. Be2 cxd4 16. Bxd4 Rc8 17. Bc3 Qh4 18. Bf3 Ne5 19. O-O Nxf3+ 20. gxf3 Rc5 21.
Qb2 Rg5+ 22. Kh1 Qh3 0-1

[Event "Titled Tue 1st Jul Early"]
[Site "chess.com INT"]
[Date "2025.07.01"]
[Round "1"]
[White "Nepomniachtchi, Ian"]
[Black "Dudzinski, Pawel"]
[Result "1-0"]
[WhiteTitle "GM"]
[BlackTitle "FM"]
[WhiteElo "2742"]
[BlackElo "2191"]
[WhiteFideId "4168119"]
[BlackFideId "1117890"]
[EventDate "2025.07.01"]

1. e4 c6 2. d4 d5 3. Nc3 dxe4 4. Nxe4 Nf6 5. Nxf6+ exf6 6. Be3 Bd6 7. Bd3 Be6 8.
Ne2 Qc7 9. Ng3 O-O 10. O-O c5 11. dxc5 Bxc5 12. Qh5 f5 13. Nxf5 Bxf5 14. Qxf5
Rc8 15. Qxh7+ Kf8 16. Bxc5+ Qxc5 17. Rae1 f6 18. Bf5 Na6 19. Be6 1-0

[Event "Titled Tue 1st Jul Early"]
[Site "chess.com INT"]
[Date "2025.07.01"]
[Round "1"]
[White "Arhan, Chethan Anand"]
[Black "Paxtor Chiguichon, Rodolfo Enrique"]
[Result "1-0"]
[WhiteTitle "IM"]
[BlackTitle "CM"]
[WhiteElo "2394"]
[BlackElo "2031"]
[WhiteFideId "45062510"]
[BlackFideId "7307012"]
[EventDate "2025.07.01"]

1. e4 c6 2. d4 d5 3. exd5 cxd5 4. Bd3 Nc6 5. c3 Nf6 6. Bf4 e6 7. Nf3 Bd6 8. Bxd6
Qxd6 9. O-O O-O 10. Qe2 Re8 11. Ne5 g6 12. Nd2 Nd7 13. f4 f6 14. Qg4 fxe5 15.
Bxg6 Re7 16. fxe5 Qc7 17. Bf7+ Kh8 18. Qg8# 1-0

[Event "Titled Tue 1st Jul Early"]
[Site "chess.com INT"]
[Date "2025.07.01"]
[Round "1"]
[White "Melamed, Daniel"]
[Black "Aakash, G"]
[Result "0-1"]
[WhiteTitle "CM"]
[BlackTitle "FM"]
[WhiteElo "2047"]
[BlackElo "2126"]
[WhiteFideId "3229076"]
[BlackFideId "25644394"]
[EventDate "2025.07.01"]

1. d4 d5 2. Bf4 Nf6 3. e3 c5 4. Nf3 Nc6 5. c3 e6 6. Bd3 cxd4 7. exd4 Nh5 8. Bg5
Be7 9. Bxe7 Qxe7 10. g3 O-O 11. Nbd2 g6 12. O-O f6 13. Re1 e5 14. Qb3 Qf7 15.
dxe5 fxe5 16. Re2 Kh8 17. Rae1 e4 18. Nxe4 Qxf3 19. Qxd5 Bh3 20. Nf6 Qxf6 0-1

[Event "Titled Tue 1st Jul Early"]
[Site "chess.com INT"]
[Date "2025.07.01"]
[Round "1"]
[White "Maghsoodloo, Parham"]
[Black "Manukian, Artak"]
[Result "1-0"]
[WhiteTitle "GM"]
[WhiteElo "2695"]
[BlackElo "2104"]
[WhiteFideId "12539929"]
[BlackFideId "13301373"]
[EventDate "2025.07.01"]

1. d4 d6 2. c4 e5 3. Nf3 exd4 4. Nxd4 g6 5. Nc3 Bg7 6. e4 Nc6 7. Be3 Nge7 8. Be2
O-O 9. O-O Nxd4 10. Bxd4 Bxd4 11. Qxd4 Nc6 12. Qd2 Be6 13. f4 f6 14. Rad1 Qe7
15. b3 Bf7 16. Rfe1 Rfe8 17. Bg4 Rad8 18. Nd5 Bxd5 19. exd5 Ne5 20. fxe5 dxe5
21. Be6+ Kg7 22. Qf2 b6 23. h3 a5 24. Rd3 Qb4 25. Rf3 Rf8 26. Rf1 Qc5 27. Qxc5
bxc5 28. g4 g5 29. Kf2 a4 30. Ke3 axb3 31. axb3 Ra8 32. h4 h6 33. hxg5 hxg5 34.
Rh1 Rh8 35. Rfh3 Rxh3+ 36. Rxh3 Ra1 37. Bf5 Rf1 38. Rh7+ 1-0

[Event "Titled Tue 1st Jul Early"]
[Site "chess.com INT"]
[Date "2025.07.01"]
[Round "1"]
[White "Chan, Yi Ren Daniel"]
[Black "Beyer, Lorenz"]
[Result "1-0"]
[WhiteTitle "FM"]
[BlackTitle "CM"]
[WhiteElo "2309"]
[BlackElo "2192"]
[WhiteFideId "5801583"]
[BlackFideId "16245393"]
[EventDate "2025.07.01"]

1. e4 e6 2. Nf3 d5 3. Nc3 c5 4. d4 cxd4 5. Nxd4 Nc6 6. Bb5 Bd7 7. exd5 Nxd4 8.
Qxd4 Bxb5 9. Nxb5 Qa5+ 10. Nc3 exd5 11. O-O Nf6 12. Re1+ Be7 13. Bg5 Kf8 14.
Rxe7 Kxe7 15. Nxd5+ Kf8 16. Nxf6 gxf6 17. Qxf6 Rg8 18. Qd6+ Kg7 19. Qh6+ Kh8 20.
Bf6+ Rg7 21. Qxg7# 1-0

[Event "Titled Tue 1st Jul Early"]
[Site "chess.com INT"]
[Date "2025.07.01"]
[Round "1"]
[White "Baturin-Vinogradov, Miroslav"]
[Black "Perez Cruz, Adianet"]
[Result "1-0"]
[WhiteTitle "CM"]
[BlackTitle "WFM"]
[WhiteElo "2066"]
[BlackElo "1984"]
[WhiteFideId "55745741"]
[BlackFideId "3510115"]
[EventDate "2025.07.01"]

1. e4 c6 2. d4 d5 3. exd5 cxd5 4. Bd3 Nf6 5. h3 Nc6 6. c3 g6 7. Nf3 Bf5 8. O-O
Bxd3 9. Qxd3 Bg7 10. Bf4 O-O 11. Nbd2 Rc8 12. Rfe1 a6 13. Re2 b5 14. Nb3 e6 15.
Bg5 h6 16. Bxf6 Bxf6 17. Nc5 Nb8 18. Rae1 Be7 19. Nxe6 Qd6 20. Nxf8 Bxf8 21. Re8
Rxe8 22. Rxe8 Nc6 23. Qe3 b4 24. Qxh6 bxc3 25. Ng5 1-0

[Event "Titled Tue 1st Jul Early"]
[Site "chess.com INT"]
[Date "2025.07.01"]
[Round "1"]
[White "Mahdavi, Reza"]
[Black "Milanovic, Vojislav"]
[Result "1-0"]
[WhiteTitle "IM"]
[BlackTitle "IM"]
[WhiteElo "2454"]
[BlackElo "2293"]
[WhiteFideId "12595926"]
[BlackFideId "905046"]
[EventDate "2025.07.01"]

1. e4 e6 2. d3 d5 3. Nd2 Nf6 4. Ngf3 b6 5. c3 Be7 6. Be2 O-O 7. O-O dxe4 8. dxe4
Bb7 9. Qc2 Nbd7 10. Rd1 Qc8 11. e5 Ng4 12. Nc4 b5 13. Na5 Ndxe5 14. Nxb7 Qxb7
15. h3 Bc5 16. hxg4 Nxg4 17. Ng5 Bxf2+ 18. Kf1 f5 19. Bxg4 h6 20. Bf3 Qb6 21.
Qxf2 hxg5 22. Qxb6 axb6 23. Bxa8 1-0

[Event "Titled Tue 1st Jul Early"]
[Site "chess.com INT"]
[Date "2025.07.01"]
[Round "1"]
[White "Burovic, Rijad"]
[Black "Hernandez Samayoa, Dilan Alexander"]
[Result "1-0"]
[WhiteTitle "IM"]
[BlackTitle "CM"]
[WhiteElo "2420"]
[BlackElo "2006"]
[WhiteFideId "14407701"]
[BlackFideId "7306679"]
[EventDate "2025.07.01"]

1. e4 e5 2. f4 exf4 3. Nf3 Nf6 4. e5 Nh5 5. d4 d6 6. Qe2 Be7 7. exd6 Qxd6 8.
Qb5+ Nc6 9. Qxh5 Nxd4 10. Nxd4 Qxd4 11. Nc3 O-O 12. Bd2 Be6 13. O-O-O Rfd8 14.
Bd3 g6 15. Qh6 Bg4 16. Rde1 Bd6 17. Ne4 Bf8 18. Qxf4 Bf5 19. Bc3 Qb6 20. Nf6+
Kg7 21. Nd7+ 1-0

[Event "Titled Tue 1st Jul Early"]
[Site "chess.com INT"]
[Date "2025.07.01"]
[Round "1"]
[White "Kahre, Kim"]
[Black "Lopez Rayo, Santiago"]
[Result "0-1"]
[BlackTitle "FM"]
[WhiteElo "2119"]
[BlackElo "2350"]
[WhiteFideId "518816"]
[BlackFideId "4455665"]
[EventDate "2025.07.01"]

1. e4 c5 2. Nf3 d6 3. Bc4 Nf6 4. d3 e6 5. Bb3 Be7 6. O-O O-O 7. c3 Nc6 8. Re1 b5
9. a4 b4 10. Nbd2 Ba6 11. Bc4 Bb7 12. Bb3 Qc7 13. Nc4 d5 14. exd5 exd5 15. Nce5
Nxe5 16. Nxe5 bxc3 17. bxc3 Bd6 18. d4 Ne4 19. Re3 cxd4 20. cxd4 Bxe5 21. dxe5
Qxe5 22. f3 Qxa1 23. fxe4 dxe4 0-1

[Event "Titled Tue 1st Jul Early"]
[Site "chess.com INT"]
[Date "2025.07.01"]
[Round "1"]
[White "Mujumdar, Sameer"]
[Black "Da Paz, Leonardo Gadelha"]
[Result "1-0"]
[BlackTitle "CM"]
[WhiteElo "2054"]
[BlackElo "1951"]
[WhiteFideId "2029707"]
[BlackFideId "2109743"]
[EventDate "2025.07.01"]

1. d4 d5 2. Nf3 c6 3. Bg5 h6 4. Bh4 Qb6 5. Nbd2 Bf5 6. Qc1 Nd7 7. e3 e6 8. c4
dxc4 9. Bxc4 Bb4 10. O-O Ngf6 11. a3 Bxd2 12. Qxd2 Ne4 13. Qe2 O-O 14. Rfc1 a5
15. Nd2 Nxd2 16. Qxd2 a4 17. f3 e5 18. e4 Bg6 19. Bf2 exd4 20. Bxd4 Qc7 21. Qc3
Nb6 22. Ba2 Rfd8 23. Bxg7 Qf4 24. Rd1 Nd7 25. Bd4 Nf8 26. Bh8 Ne6 27. Bxe6 1-0

[Event "Titled Tue 1st Jul Early"]
[Site "chess.com INT"]
[Date "2025.07.01"]
[Round "1"]
[White "Zaw, Ye Htut"]
[Black "Shandrygin, Nikita"]
[Result "0-1"]
[WhiteTitle "CM"]
[BlackTitle "FM"]
[WhiteElo "2074"]
[BlackElo "2209"]
[WhiteFideId "13013955"]
[BlackFideId "24198668"]
[EventDate "2025.07.01"]

1. e4 c5 2. Nf3 e6 3. d4 cxd4 4. Nxd4 Nf6 5. Nc3 Nc6 6. Be3 Bb4 7. Nxc6 bxc6 8.
Be2 Nxe4 9. Qd4 Nxc3 10. bxc3 Be7 11. O-O O-O 12. Rfd1 d5 13. Rab1 Bd6 14. c4 e5
15. Qb2 d4 16. Bd2 Rb8 17. Qa1 Bf5 18. Rxb8 Qxb8 19. c3 c5 20. cxd4 cxd4 21. f4
d3 22. Bf1 Bc5+ 23. Kh1 e4 24. Bc3 f6 25. Bd4 Qd6 26. Bxc5 Qxc5 27. Qc3 Rd8 28.
h3 h5 0-1

[Event "Titled Tue 1st Jul Early"]
[Site "chess.com INT"]
[Date "2025.07.01"]
[Round "1"]
[White "Chiu, Isaac"]
[Black "Marchesich, Giovanni"]
[Result "1-0"]
[BlackTitle "CM"]
[WhiteElo "2226"]
[BlackElo "2189"]
[WhiteFideId "30900654"]
[BlackFideId "2824790"]
[EventDate "2025.07.01"]

1. e4 d5 2. exd5 Qxd5 3. Nc3 Qe5+ 4. Be2 c6 5. d4 Qc7 6. d5 Nf6 7. Nf3 Nxd5 8.
Nxd5 cxd5 9. Qxd5 Be6 10. Qe4 g6 11. Bf4 Qc6 12. Qe5 f6 13. Qa5 Nd7 14. O-O-O
Qb6 15. Qa4 Kf7 16. Rxd7 Bxd7 17. Qxd7 Bg7 18. Bc4+ Kf8 19. Re1 1-0

[Event "Titled Tue 1st Jul Early"]
[Site "chess.com INT"]
[Date "2025.07.01"]
[Round "1"]
[White "Brezis, Ari"]
[Black "Hari, Madhavan N B"]
[Result "0-1"]
[WhiteTitle "CM"]
[BlackTitle "IM"]
[WhiteElo "2179"]
[BlackElo "2365"]
[WhiteFideId "2858541"]
[BlackFideId "25054309"]
[EventDate "2025.07.01"]

1. d4 d5 2. Nf3 Nf6 3. g3 Bf5 4. Bg2 c6 5. O-O h6 6. c4 e6 7. Nc3 Nbd7 8. b3 Be7
9. a4 O-O 10. Ba3 Bxa3 11. Rxa3 Qe7 12. Ra1 a5 13. Qc1 Qb4 14. Nd2 Rfe8 15. e3
dxc4 16. bxc4 e5 17. dxe5 Nxe5 18. e4 Bh7 19. Rb1 Qe7 20. Qc2 Rad8 21. f4 Neg4
22. Kh1 Ne3 23. Qb2 Nxf1 24. Nxf1 Nxe4 25. Rc1 Rd2 26. Nxd2 Nf2+ 27. Kg1 Nd3 28.
Qa1 Qe3+ 0-1

[Event "Titled Tue 1st Jul Early"]
[Site "chess.com INT"]
[Date "2025.07.01"]
[Round "1"]
[White "Tifferet, Shakked"]
[Black "De Lomas Busquets, Alba"]
[Result "1-0"]
[WhiteTitle "FM"]
[BlackTitle "WCM"]
[WhiteElo "2322"]
[BlackElo "1997"]
[WhiteFideId "2811529"]
[BlackFideId "24585289"]
[EventDate "2025.07.01"]

1. e4 c5 2. Ne2 d6 3. g3 Nf6 4. Bg2 g6 5. O-O Bg7 6. c3 Nbd7 7. d4 cxd4 8. cxd4
O-O 9. Nbc3 a6 10. h3 b5 11. e5 Rb8 12. exf6 Nxf6 13. a3 a5 14. Bg5 b4 15. axb4
axb4 16. Nd5 Nxd5 17. Bxd5 h6 18. Be3 Kh7 19. Kg2 e6 20. Bf3 b3 21. h4 Qd7 22.
h5 Bb7 23. hxg6+ fxg6 24. Nf4 Bxf3+ 25. Qxf3 e5 26. dxe5 dxe5 27. Qd5 Qg4 28.
Ne6 Rf7 29. Ng5+ hxg5 30. Qxf7 Qe4+ 31. f3 Qc2+ 32. Rf2 Qf5 33. Rh1+ Qh3+ 34.
Rxh3# 1-0

[Event "Titled Tue 1st Jul Early"]
[Site "chess.com INT"]
[Date "2025.07.01"]
[Round "1"]
[White "Flynn, Jacob"]
[Black "Moroni, Luca Jr"]
[Result "0-1"]
[WhiteTitle "CM"]
[BlackTitle "GM"]
[WhiteElo "2275"]
[BlackElo "2549"]
[WhiteFideId "2509393"]
[BlackFideId "865834"]
[EventDate "2025.07.01"]

1. Nf3 g6 2. e4 Bg7 3. d4 d6 4. Bc4 Nf6 5. Qe2 O-O 6. e5 dxe5 7. dxe5 Nd5 8. h3
Be6 9. O-O c6 10. Rd1 Nd7 11. Bb3 b5 12. a4 a6 13. axb5 axb5 14. Rxa8 Qxa8 15.
c3 Qb8 16. Bxd5 Bxd5 17. Bf4 Nc5 18. Nbd2 Ne6 19. Qe3 Nxf4 20. Qxf4 f6 21. Qe3
fxe5 22. Ng5 Bh6 23. h4 Rf4 24. g3 Bxg5 25. hxg5 Rf5 26. Ne4 Qf8 27. Rd2 Rf3 28.
Qe2 Qf5 29. Nc5 e4 30. Na6 e3 31. fxe3 Rxg3+ 0-1

[Event "Titled Tue 1st Jul Early"]
[Site "chess.com INT"]
[Date "2025.07.01"]
[Round "1"]
[White "Le Phan Hoang Quan"]
[Black "Sailer, Mike"]
[Result "0-1"]
[WhiteTitle "CM"]
[WhiteElo "1968"]
[BlackElo "2108"]
[WhiteFideId "12432881"]
[BlackFideId "2012901"]
[EventDate "2025.07.01"]

1. d4 d5 2. c4 Bf5 3. Nc3 e6 4. cxd5 exd5 5. Qb3 Nc6 6. Nf3 Nb4 7. Qa4+ c6 8. e4
dxe4 9. Nd2 e3 10. Nde4 exf2+ 11. Kxf2 Bxe4 12. Nxe4 Qxd4+ 13. Kf3 f5 14. Nc3
Bc5 15. Ke2 Qd3+ 16. Ke1 Nc2+ 0-1

[Event "Titled Tue 1st Jul Early"]
[Site "chess.com INT"]
[Date "2025.07.01"]
[Round "1"]
[White "Nicot, Valentin"]
[Black "Agibileg, Uurtsaikh"]
[Result "0-1"]
[WhiteTitle "CM"]
[BlackTitle "IM"]
[WhiteElo "2157"]
[BlackElo "2380"]
[WhiteFideId "651002477"]
[BlackFideId "4901606"]
[EventDate "2025.07.01"]

1. d4 Nf6 2. Nf3 g6 3. g3 Bg7 4. Bg2 O-O 5. O-O d6 6. c4 Nc6 7. d5 Na5 8. Na3 c5
9. Re1 Ne4 10. Nd2 Nxd2 11. Qxd2 a6 12. e4 b5 13. cxb5 axb5 14. Nxb5 Nb3 15.
axb3 Rxa1 16. Na3 Qb6 17. Qc2 Ba6 18. h4 Rb8 19. h5 Qxb3 20. Qd2 Qb4 21. hxg6
hxg6 22. Nc2 Qxd2 23. Bxd2 Rxe1+ 24. Nxe1 Rxb2 25. Be3 Rb1 26. Bd2 c4 27. f3 c3 0-1

[Event "Titled Tue 1st Jul Early"]
[Site "chess.com INT"]
[Date "2025.07.01"]
[Round "1"]
[White "Hayrapetyan, Edgar"]
[Black "Venskaya, Nika"]
[Result "1-0"]
[WhiteTitle "FM"]
[BlackTitle "WCM"]
[WhiteElo "2161"]
[BlackElo "1926"]
[WhiteFideId "13313568"]
[BlackFideId "13523503"]
[EventDate "2025.07.01"]

1. e4 c5 2. Nc3 g6 3. d4 cxd4 4. Qxd4 Nf6 5. h4 Nc6 6. Qa4 h5 7. Nf3 Bg7 8. Bg5
O-O 9. O-O-O Qb6 10. e5 Ng4 11. Nd5 Qxf2 12. Rd2 Qc5 13. b4 b5 14. Qb3 Nxb4 15.
Bxe7 Qxd5 16. Rxd5 Nxd5 17. Qxd5 Bh6+ 18. Ng5 Bb7 19. Qxb7 1-0

[Event "Titled Tue 1st Jul Early"]
[Site "chess.com INT"]
[Date "2025.07.01"]
[Round "1"]
[White "Goltsev, Dmitry"]
[Black "Legenia, Artem"]
[Result "1-0"]
[WhiteTitle "FM"]
[WhiteElo "2182"]
[BlackElo "2092"]
[WhiteFideId "24176710"]
[BlackFideId "14136945"]
[EventDate "2025.07.01"]

1. d4 d6 2. e4 e6 3. Nf3 Nf6 4. Nc3 d5 5. exd5 exd5 6. Bd3 Bd6 7. O-O O-O 8. Bg5
c6 9. h3 Be6 10. Re1 Nbd7 11. Ne5 Qc7 12. f4 Bxe5 13. dxe5 Ne4 14. Nxe4 dxe4 15.
Bxe4 f5 16. Bf3 Nb6 17. Qd6 Qf7 18. b3 h6 19. Bh4 Kh7 20. c4 Rg8 21. Rad1 g5 22.
Bg3 Nd7 23. Bh5 Qxh5 24. Qxe6 Nf8 25. Qxf5+ Kh8 26. Rd6 Ng6 27. fxg5 hxg5 28.
Rf1 Raf8 29. Rf6 Re8 30. e6 Nh4 31. Qe5 Rg7 32. Rf8+ Kh7 33. R1f7 Re7 34. Qxg7# 1-0

[Event "Titled Tue 1st Jul Early"]
[Site "chess.com INT"]
[Date "2025.07.01"]
[Round "1"]
[White "Unsal, Gorkem"]
[Black "Kollars, Dmitrij"]
[Result "0-1"]
[WhiteTitle "CM"]
[BlackTitle "GM"]
[WhiteElo "2109"]
[BlackElo "2644"]
[WhiteFideId "51607484"]
[BlackFideId "12909572"]
[EventDate "2025.07.01"]

1. e4 c5 2. Ne2 Nf6 3. Nbc3 d5 4. exd5 Nxd5 5. g3 Nxc3 6. Nxc3 h5 7. Bg2 Bg4 8.
Bf3 Qd7 9. O-O Nc6 10. Bxg4 hxg4 11. Ne4 Nd4 12. h4 Nf3+ 13. Kg2 Qc6 14. Qe2 f5
15. d3 fxe4 16. dxe4 O-O-O 17. Bf4 Rd4 18. Rad1 Rxe4 19. Qd3 Rd4 20. Qf5+ e6 21.
Qxg4 Nxh4+ 22. Kh3 Qg2# 0-1

[Event "Titled Tue 1st Jul Early"]
[Site "chess.com INT"]
[Date "2025.07.01"]
[Round "1"]
[White "Rustamov, Rustam"]
[Black "Sarveshwaran V"]
[Result "1-0"]
[WhiteTitle "FM"]
[BlackTitle "CM"]
[WhiteElo "2323"]
[BlackElo "2290"]
[WhiteFideId "13440110"]
[BlackFideId "25699016"]
[EventDate "2025.07.01"]

1. e4 e6 2. d4 d5 3. Nc3 Bb4 4. e5 c5 5. a3 Bxc3+ 6. bxc3 Ne7 7. f4 Nbc6 8. Nf3
Qa5 9. Bd2 Qa4 10. Rb1 c4 11. Ra1 O-O 12. Be2 Bd7 13. O-O h6 14. Ra2 a5 15. h4
Nf5 16. Kh2 h5 17. Ng5 g6 18. Bxh5 Kg7 19. g3 gxh5 20. Qxh5 Nh6 21. f5 exf5 22.
Ne6+ Kg8 23. Qg5+ Kh8 24. Qg7# 1-0